| 000 | 00464nam a2200169Ia 4500 | ||
|---|---|---|---|
| 003 | GCL | ||
| 005 | 20240530101201.0 | ||
| 008 | 140319s9999 xx 000 0 eng d | ||
| 040 |
_aGCL / _cGCL |
||
| 082 | 0 | 4 |
_a780 _bW H |
| 100 | 1 | _aWINTLE, CHRISTAPHER | |
| 245 | 1 | 0 |
_aHANS KELLER: ESSAYS ON MUSIC / _cWINTLE, CHRISTAPHER |
| 260 |
_a[S.N] : _bCAMBRIBGE UNIVERSITY PRESS ، _c1995 |
||
| 300 | _a269 | ||
| 650 | 0 | 4 | _aMUSIC - HISTORY AND CRITICISM |
| 942 |
_2ddc _cBK |
||
| 999 |
_c25516 _d25516 |
||